[Event "11th LCC GCT Finals 2019"]
[Site "London"]
[Date "2019.12.08"]
[Round "2.5"]
[White "Ding, Liren"]
[Black "Vachier-Lagrave, Maxime"]
[Result "0-1"]
[WhiteElo "2801"]
[BlackElo "2777"]
[Annotator "TA"]
[PlyCount "92"]
[EventDate "2019.12.02"]
[EventType "k.o."]
[EventCountry "ENG"]
[SourceTitle "playchess.com"]
[Source "ChessBase"]
[SourceQuality "1"]

{[%evp 9,92,8,18,22,25,22,29,0,5,0,0,0,0,-4,14,-16,-12,-7,0,0,-3,-23,0,0,0,0,0,0,0,0,14,-24,-20,0,60,37,42,0,0,0,0,0,0,-4,-4,-4,-5,-3,4,10,6,0,0,0,0,0,0,0,0,0,0,0,0,0,0,0,28,28,28,-75,-75,-77,-75,-75,-75,-29966,-29962,-29970,-29971,-29983,-29984,-29984,-29977,-29987,-4602]} 1. d4 Nf6 2. c4 g6 3. Nf3 Bg7 4. e3 O-O 5. Be2 b6 (5... c5 6. dxc5 Ne4 7. Nd4 Nc6 8. O-O Nxc5 9. Nc3 d6 10. b3 Ne6 11. Nxe6 Bxe6 12. Bb2 d5 13. cxd5 Bxd5 {½-½ (27) Mamedyarov,S (2774)-Vachier Lagrave,M (2779) Zagreb 2019}) 6. O-O {E60: King's Indian: Unusual lines and Fianchetto Variation without Nc3} Bb7 7. Nc3 e6 8. b3 {White has an edge.} c5 9. dxc5 bxc5 10. Bb2 Qe7 11. Qc2 Nc6 12. Rad1 Rfd8 13. Rd2 d5 14. Rfd1 Rac8 15. Qb1 {[%cal Rc4d5]} d4 (15... Bh6 {feels hotter.} 16. cxd5 exd5 17. Nxd5 Nxd5 18. Rxd5 Rxd5 19. Rxd5 Nd4) 16. exd4 cxd4 $146 ({Predecessor:} 16... Bh6 17. dxc5 Bxd2 18. Nxd2 {1-0 (40) Condie,M (2410)-Anand,V (2420) London 1986}) 17. Nxd4 Nxd4 18. Rxd4 Rxd4 19. Rxd4 Nd5 20. Nxd5 exd5 21. Qd1 Re8 ({Black should try} 21... Bxd4 $11 22. Qxd4 {[%mdl 64] Double Attack} f6) 22. Bf1 Qe1 {Threatens to win with ...Qxd1.} 23. Qxe1 (23. Qd3 {is more complex.} dxc4 24. bxc4 h5 25. Bc3 Be4 26. Bxe1 Bxd3 27. Rxd3 Rxe1 28. g3) 23... Rxe1 24. Rd2 $1 Bxb2 25. Rxb2 $11 {[%mdl 4096] Endgame KRB-KRB} Rc1 $1 {Black wants to play ...Ba6.} 26. f3 Ba6 $1 {[%cal Rd5c4]} 27. Kf2 dxc4 28. bxc4 Kg7 29. Rb4 Rc2+ {[%mdl 64] Double Attack} 30. Kg3 Rxa2 31. Bd3 f5 32. Rb8 Rd2 33. Ra8 Kf6 34. Rxa7 Bc8 35. Bf1 g5 {[%csl Gg5][%cal Rf5f4]} 36. h4 f4+ 37. Kh2 g4 38. fxg4 ({Much weaker is} 38. Rxh7 gxf3 39. Rh6+ Ke5 $17) 38... Bxg4 {next ...Rd1 is good for Black.} 39. Rxh7 (39. c5 $11) 39... Rd1 $17 40. Kg1 Be2 41. Kf2 Bxf1 42. g3 $2 {[%mdl 8192]} (42. Rh6+ $17 Ke5 43. g3) 42... Bd3 $1 {Black mates.} 43. Rh6+ {[#]} Kg7 $1 44. Rd6 Rf1+ 45. Kg2 f3+ 46. Kh2 {[#]} Be4 {Accuracy: White = 38%, Black = 73%.} (46... Rh1+ $142 $1 {[%mdl 512]} 47. Kxh1 f2 48. Kh2 f1=Q 49. Rd7+ Kf6 50. Rd6+ {[#]} Ke5 $1 {[%mdl 512]} 51. Rd5+ Ke6 52. Rxd3 Qxd3 53. h5 Kf5 54. h6 Kg4 55. Kg2 Qd2+ {[%mdl 64] Double Attack} 56. Kf1 Kxg3 57. h7 Qf2#) 0-1

[Event "11th LCC GCT Finals 2019"]
[Site "London"]
[Date "2019.12.08"]
[Round "2.5"]
[White "Aronian, Levon"]
[Black "Carlsen, Magnus"]
[Result "1/2-1/2"]
[WhiteElo "2772"]
[BlackElo "2870"]
[Annotator "TA"]
[PlyCount "104"]
[EventDate "2019.12.02"]
[EventType "k.o."]
[EventCountry "ENG"]
[SourceTitle "playchess.com"]
[Source "ChessBase"]
[SourceQuality "1"]

{[%evp 9,104,0,35,45,55,47,42,41,47,21,21,14,40,27,26,8,24,0,14,6,10,6,0,0,6,0,4,0,8,0,0,0,0,0,0,0,0,0,0,0,0,0,0,-5,0,0,0,0,0,0,0,0,47,34,44,28,27,25,35,35,39,34,56,54,58,8,58,58,58,58,58,58,58,58,65,28,65,-26,16,16,16,0,0,0,0,0,0,0,34,35,35,0,0,0,44,0,0]} 1. Nf3 d5 2. e3 Nf6 3. c4 c6 4. Nc3 a6 5. Qc2 Bg4 (5... g6 6. d4 Bg7 7. Bd3 O-O 8. O-O e6 9. b3 Nbd7 10. Bb2 b6 11. e4 dxe4 12. Nxe4 Qc7 13. Nxf6+ Bxf6 14. Nd2 c5 15. Be4 Bb7 16. Nf3 Bxe4 17. Qxe4 {½-½ (53) Ding,L (2811)-Shankland,S (2705) chess.com INT 2019}) 6. Ne5 {A11: English Opening: 1...c6} e6 7. cxd5 $146 ({Predecessor:} 7. Nxg4 Nxg4 8. d4 Nd7 9. Be2 Ngf6 10. O-O Bd6 11. b3 O-O 12. Bb2 Qe7 {1-0 (30) Kozak,A (2436)-Nguyen,V (2317) Budapest 2018}) 7... exd5 8. Nxg4 {White is slightly better.} Nxg4 9. h3 (9. d4 {is interesting.} Nf6 10. Bd2 Nbd7 11. f3 Bb4 12. O-O-O) 9... Nf6 10. g3 g6 11. Bg2 Bg7 12. Ne2 O-O 13. b3 Nbd7 14. Bb2 Re8 15. d3 Nh5 16. O-O Bxb2 17. Qxb2 Qf6 18. Qc2 a5 19. e4 dxe4 20. dxe4 Qe7 21. Rad1 Nc5 {[%cal Rc5e4]} 22. Nc3 Rad8 23. Rxd8 Rxd8 24. Rd1 Ng7 25. Rxd8+ Qxd8 26. Qd1 Qf6 27. Qd2 Nge6 28. f4 h5 29. h4 Kg7 30. Kf2 Nd7 31. Ne2 Ne5 32. Ke1 (32. Bh3 {with more complications.} a4 33. bxa4 Nc5 34. Qd4 Ng4+ 35. Kf3) 32... Ng4 {Threatening ...Qa1+.} 33. Qc3 Qxc3+ 34. Nxc3 $11 {[%mdl 4096] Endgame KBN-KNN} Ne3 35. Bh3 Nc2+ 36. Kd2 Ncd4 37. Ke3 f5 38. e5 Kf7 39. Bf1 Ke7 40. Bd3 b5 41. Nb1 Kd7 42. Nd2 Kc7 43. Bf1 ({White should play} 43. Nf3 $14 Nxf3 44. Kxf3) 43... Kb6 44. Kd3 Kc5 45. Kc3 Nc7 46. a3 {[#] Hoping for b4+.} Nd5+ 47. Kd3 b4 48. a4 Nc7 49. Ke3 Nd5+ 50. Kd3 Nc7 51. Ke3 Nd5+ 52. Kd3 Nc7 {Accuracy: White = 65%, Black = 63%.} 1/2-1/2

[Event "11th LCC GCT Finals 2019"]
[Site "London"]
[Date "2019.12.08"]
[Round "2.6"]
[White "Carlsen, Magnus"]
[Black "Aronian, Levon"]
[Result "1-0"]
[WhiteElo "2870"]
[BlackElo "2772"]
[Annotator "TA"]
[PlyCount "51"]
[EventDate "2019.12.02"]
[EventType "k.o."]
[EventCountry "ENG"]
[SourceTitle "playchess.com"]
[Source "ChessBase"]
[SourceQuality "1"]

{[%evp 10,109,27,0,40,39,33,27,64,62,51,52,57,58,65,55,58,62,55,60,45,57,58,48,43,43,53,39,78,72,70,63,79,62,65,60,79,87,275,283,395,390,375,379,388,383,391,376,377,383,468,419,450,421,503,487,583,554,510,493,441,373,359,366,387,379,379,379,425,418,404,381,612,612,610,577,567,530,510,481,468,456,456,433,549,549,643,638,624,542,581,527,621,608,787,776,876,870,841,838,795,777]} 1. e4 c5 2. Nf3 d6 3. d4 cxd4 4. Nxd4 Nf6 5. Nc3 a6 6. a3 {[%cal Ba2a3,Ba3a4][%mdl 32]} g6 $146 {B90: Sicilian Najdorf: Unusual White 6th moves, 6 Be3 Ng4 and 6 Be3 e5} ({Predecessor:} 6... b5 7. f3 g6 8. Be3 {1-0 (55) Alekseev,E (2639)-Fedoseev,V (2719) St Petersburg 2018}) 7. f3 Bg7 8. Be3 b5 {White has an edge.} 9. Qd2 h5 10. a4 b4 11. Na2 a5 12. c3 bxc3 $1 13. Bb5+ Bd7 14. Nxc3 O-O 15. O-O Na6 16. Nc6 Bxc6 $1 17. Bxc6 Rb8 $1 18. Bb5 $36 {[%mdl 2048] White fights for an advantage.} Nc5 {With the idea ...Nb3.} 19. Rad1 Qc7 20. Kh1 Rfd8 21. Bg5 Qa7 22. Qf2 Rdc8 23. Be3 Qc7 $2 {[#]} (23... Rb7 $16) 24. e5 $1 $18 {[%cal Re5f6][%mdl 512]} Nh7 (24... dxe5 25. Bxc5) 25. Nd5 Qa7 {[#]} 26. Qh4 {Played: Nd5xe7} 1-0

[Event "11th LCC GCT Finals 2019"]
[Site "London"]
[Date "2019.12.08"]
[Round "2.6"]
[White "Vachier-Lagrave, Maxime"]
[Black "Ding, Liren"]
[Result "1-0"]
[WhiteElo "2777"]
[BlackElo "2801"]
[Annotator "TA"]
[PlyCount "164"]
[EventDate "2019.12.02"]
[EventType "k.o."]
[EventCountry "ENG"]
[SourceTitle "playchess.com"]
[Source "ChessBase"]
[SourceQuality "1"]

{[%evp 27,164,0,6,-21,-20,-14,-14,-13,-13,-14,-14,-15,-15,-15,0,-15,-7,-8,0,0,0,0,0,0,0,-91,17,0,0,0,0,-22,-12,-4,-4,-23,14,-16,-23,-18,-25,-52,-35,-59,-48,-54,-56,-34,68,74,73,68,80,80,77,-42,-45,-39,-50,-39,0,-155,-158,-165,-156,-153,-41,-276,-276,-272,-261,-670,-679,-658,-569,-482,0,0,0,0,0,0,0,0,0,-63,0,0,0,0,0,0,0,0,0,0,0,0,0,0,0,0,0,0,12851,29967,12851,29964,12851,29963,12851,12851,12851,12851,12851,12851,12851,12851,12851,29959,12851,29966,12851,12851,12851,29967,12851,12851,12851,12851,12851,12851,29970,29969,12851,29970,12851,29970,12851]} 1. e4 e5 2. Nf3 Nc6 3. Bb5 a6 4. Ba4 Nf6 5. O-O Be7 6. Re1 b5 7. Bb3 d6 8. c3 O-O 9. h3 Re8 10. a4 Bb7 11. d3 h6 12. Nbd2 {[%cal Bb1d2,Bd2f1,Bf1g3,Bg3f5][%mdl 32]} Bf8 13. Nf1 Nb8 {[%cal Bc6b8,Bb8d7,Bd7c5][%mdl 32]} 14. Ng3 Nbd7 15. Nf5 {C93: Closed Ruy Lopez: Smyslov Variation} Nc5 $146 ({Predecessor:} 15... d5 16. exd5 Bxd5 17. Bxd5 Nxd5 18. Nh2 Ne7 19. Nxe7+ Rxe7 20. Qf3 Nc5 21. axb5 Nxd3 22. Re3 Nxc1 23. Rxc1 axb5 {0-1 (48) Bousmaha,A (2205)-Rubinetti,J (2450) Luzern 1985}) 16. Bc2 Nxa4 17. Bxa4 {The position is equal.} bxa4 18. Qxa4 d5 19. Qc2 Qd7 20. Ng3 Rad8 21. Ra5 c5 22. c4 dxc4 (22... d4 {seems wilder.} 23. Bd2 Qc7 24. Ra2 Rb8 25. Ba5 Qc8) 23. dxc4 Qd3 24. Qxd3 Rxd3 25. Bd2 Nd7 26. Bc3 (26. Re3 $11 Rxe3 27. Bxe3) 26... f6 (26... Nb6 $1 $17 27. Rb1 Nxc4) 27. Nf1 Nb8 28. Ra3 Nc6 29. Rb3 Nb4 30. N3d2 Red8 $36 {[%mdl 2048] Black has some pressure.} 31. Re2 a5 32. Ne3 a4 33. Ra3 Bc6 34. g4 Kf7 35. Kg2 g6 36. Nd5 {Black must now prevent Bxb4.} Nc2 37. Ra2 $1 f5 (37... Bd6 $15) 38. Nf3 $14 ({Of course not} 38. Bxe5 Nb4 $15) 38... Rxf3 39. Kxf3 Nb4 40. Ra1 fxe4+ 41. Kxe4 (41. Rxe4 $16 Nxd5 42. cxd5 Rxd5 43. Ke3) 41... Nxd5 $15 42. cxd5 Rxd5 43. Ke3 h5 (43... Be7 $5 {[%cal Re7g5]} 44. f3 Bb5 $11) 44. g5 $2 {[#]} (44. f3 $11) 44... e4 $1 $17 {[%mdl 512] ( -> ...Rd3+)} 45. Rd2 {Rxd5 is the strong threat.} (45. Kxe4 Rd1+) 45... Rxg5 46. Rd8 {[#]} Rf5 (46... Bh6 $1 $17 47. Rh8 Rg3+ {[%mdl 64] Double Attack, Discovered Attack (Double check)} 48. Ke2 Bb5+ 49. Kd1 Rg1+ 50. Be1 Bf8) 47. Rc8 $2 ({Only move:} 47. Rb8 $1 $15) 47... Bh6+ $19 48. Ke2 Bb5+ 49. Ke1 $2 (49. Kd1) 49... e3 50. fxe3 Bxe3 {[%csl Gb5][%cal Rf5f1]} 51. Kd1 Bd3 $2 ({Weaker is} 51... Rf1+ 52. Be1 $17) (51... Rd5+ $19 52. Ke1 Rg5) 52. Rxa4 $11 {aiming for Ra7+.} Rf1+ 53. Be1 {Threatens to win with Ra7+.} c4 54. Rb4 Rh1 55. Rb7+ Kf6 56. Re8 (56. Rf8+ $11 Kg5 57. Rf3) 56... Bd4 ({Black should play} 56... Bh6 $15) 57. h4 c3 (57... Rg1 {keeps more tension.} 58. b3 Bf5 59. bxc4 Bc3 60. Rbe7 Rh1) 58. bxc3 Bxc3 59. Rb3 (59. Re3 {is interesting.} Bxe1 60. Rxd3 Bxh4+ 61. Ke2 Re1+ 62. Kf3) 59... Rxe1+ 60. Rxe1 Bxe1 61. Kxe1 {[%mdl 4096] Endgame KR-KB} Be4 62. Rb5 Bf5 63. Kf2 g5 64. Rb6+ Kg7 65. hxg5 {Hoping for Rf6.} h4 $2 {[%mdl 8192]} (65... Bg4 $11 66. Kg3 Be2) 66. Rh6 $18 h3 67. Kg3 (67. Kf3 $18 Bd3 68. Rxh3) 67... Bd7 68. Rf6 (68. Kf4 $18 Be8 69. Rxh3) 68... Bc8 69. Rf2 Kg6 70. Kh4 Bf5 71. Re2 Bd7 72. Rd2 Bf5 73. Rd6+ Kg7 74. Kg3 Bc8 75. Rh6 Bf5 76. Kf4 Bd7 77. Ke5 Bg4 78. Rh4 Bd7 79. Ke4 Kg6 80. Kf4 Kg7 81. Rh6 Bc8 82. Rd6 (82. Rc6 $18 h2 83. Rh6) 82... Kf7 {Accuracy: White = 46%, Black = 55%.} 1-0

[Event "11th LCC GCT Finals 2019"]
[Site "London"]
[Date "2019.12.08"]
[Round "2.8"]
[White "Ding, Liren"]
[Black "Vachier-Lagrave, Maxime"]
[Result "1/2-1/2"]
[WhiteElo "2801"]
[BlackElo "2777"]
[Annotator "TA"]
[PlyCount "96"]
[EventDate "2019.12.02"]
[EventType "k.o."]
[EventCountry "ENG"]
[SourceTitle "playchess.com"]
[Source "ChessBase"]
[SourceQuality "1"]

{[%evp 18,96,54,14,52,45,35,27,30,33,33,39,14,22,32,23,47,44,43,50,72,52,96,46,61,68,247,246,226,246,451,431,451,451,451,451,432,420,441,489,497,497,455,462,495,485,439,389,376,317,419,419,336,336,570,560,541,519,1171,1161,1085,1043,975,1045,906,733,1370,1352,1339,724,584,566,482,0,0,0,460,0,0,0,391]} 1. d4 Nf6 2. c4 g6 3. g3 c5 4. Nf3 Bg7 5. Bg2 O-O 6. O-O d6 7. d5 b5 8. cxb5 a6 9. bxa6 Bf5 10. Nc3 Ne4 {E60: King's Indian: Unusual lines and Fianchetto Variation without Nc3} 11. Nxe4 Bxe4 12. Nd2 Bxg2 {White has an edge.} 13. Kxg2 {[#]} Qa5 $146 ({Predecessor:} 13... Nxa6 14. Nc4 Qb8 15. Rb1 Nc7 16. a4 Qb7 17. e4 Rfb8 18. Bg5 {0-1 (30) Bieliauskas,M (2200)-Georgiev,K (2583) Riga 2019}) 14. Nc4 Qxa6 15. Qc2 Nd7 16. a4 $36 {[%cal Ba2a4,Ba4a5][%mdl 2080] White fights for an advantage.} Rfb8 17. Ra3 Nb6 18. Nxb6 Rxb6 {[#]} 19. b3 $1 Rc8 20. Bd2 c4 {Black wants to play ...cxb3.} 21. a5 $1 {[%cal Ra5b6]} Rbb8 $2 {[#]} (21... c3 $1 $14) 22. bxc4 $1 $18 Rxc4 23. Qd3 Qb5 $2 (23... Ra8 {was called for.} 24. Rc1 Rxc1 25. Qxa6 (25. Bxc1 Qxd3 26. exd3 Ra6 $16) 25... Rxa6 26. Bxc1 Bd4) 24. Rc1 Rxc1 25. Qxb5 ({Not} 25. Bxc1 Qxd3 26. exd3 (26. Rxd3 Ra8 $16) 26... Bd4 $16) 25... Rxb5 26. Bxc1 {[%mdl 4096] Endgame KRB-KRB} Bd4 27. a6 Rb8 28. Be3 Bxe3 29. Rxe3 {KR-KR} ({Less strong is} 29. fxe3 Kf8 $16) 29... Ra8 30. Ra3 Kf8 31. Kf3 Ke8 32. Kg4 f6 33. h4 Kd7 34. h5 Ra7 35. f4 Kc7 $2 (35... Ke8 36. hxg6 hxg6) 36. hxg6 hxg6 37. f5 g5 (37... gxf5+ $142 38. Kxf5 Kd7) 38. Kh5 Kb6 39. Kg6 Kc5 40. e4 Kd4 41. Ra4+ Ke3 42. Kf7 Kf3 43. Ra3+ Kxe4 44. Ke6 g4 45. Ra4+ Kf3 46. Ra3+ Ke4 $1 47. Ra4+ $2 (47. Rb3 $18) 47... Kf3 $11 48. Ra3+ $2 {[%mdl 8192]} (48. Rb4 $11 Kxg3 49. Rb7 Rxa6 50. Kxe7) 48... Ke4 $1 {[%mdl 32768] Accuracy: White = 83%, Black = 29%. . An unexpected result.} 1/2-1/2

[Event "11th LCC GCT Finals 2019"]
[Site "London"]
[Date "2019.12.08"]
[Round "2.8"]
[White "Aronian, Levon"]
[Black "Carlsen, Magnus"]
[Result "1/2-1/2"]
[WhiteElo "2772"]
[BlackElo "2870"]
[Annotator "TA"]
[PlyCount "112"]
[EventDate "2019.12.02"]
[EventType "k.o."]
[EventCountry "ENG"]
[SourceTitle "playchess.com"]
[Source "ChessBase"]
[SourceQuality "1"]

{[%evp 9,112,0,27,12,64,56,52,46,47,49,145,150,151,102,208,156,297,291,388,371,412,380,385,385,387,373,339,214,233,111,97,95,93,75,146,102,87,35,78,55,71,35,83,50,59,55,52,39,37,29,50,47,56,20,36,37,32,20,26,44,55,59,52,50,101,97,106,0,0,0,0,0,6,8,7,7,14,14,14,0,34,13,32,32,34,8,56,0,0,0,0,0,0,0,0,0,0,0,0,0,0,0,0,0,0]} 1. d4 e6 2. e4 d5 3. Nc3 Bb4 4. e5 Qd7 5. Nh3 (5. a3 Bxc3+ 6. bxc3 b6 7. Qg4 f5 8. Qg3 Nc6 9. h4 Bb7 10. Nh3 O-O-O 11. Nf4 Qf7 12. a4 Nge7 13. Ba3 Rdg8 14. Be2 Na5 15. Qg5 Nec6 16. Rh3 {1-0 (49) Nepomniachtchi,I (2775)-Caruana,F (2819) Paris 2019}) 5... b6 6. Nf4 {C16: French: 3 Nc3 Bb4 4 e5: Lines without ...c5} Ba6 ({Better is} 6... c5 $11) 7. Bxa6 $14 Nxa6 8. O-O {White is slightly better.} Bxc3 9. bxc3 Ne7 $146 {[#]} (9... g6 $14) ({Predecessor:} 9... Nb8 10. Nh5 f5 11. c4 dxc4 12. Qf3 c6 {1-0 (24) Sutton,A (2285)-Snoek,A (1916) ICCF email 2010}) 10. Nh5 $1 $16 {Threatens to win with Bh6!} Kf8 11. a4 $36 {[%mdl 2048] White has strong initiative.} Nb8 (11... h6 $16 {was worth a try.}) 12. g4 $18 Nbc6 {[#]} (12... Qc8 $16 {was called for.}) 13. f4 $1 Rg8 14. Qd3 Ke8 15. f5 exf5 16. gxf5 Kd8 17. Kh1 Kc8 18. f6 g6 19. Ng3 (19. fxe7 $18 gxh5 20. Ba3 (20. Rxf7 Qg4 $16)) 19... Nf5 $16 20. Nxf5 gxf5 21. Qxf5 (21. Rxf5 {is interesting.} Na5 22. Rh5 Qg4 23. Qh3 Kd7 24. Bf4) 21... Nd8 ({Black should play} 21... Qxf5 22. Rxf5 Kd7) 22. Qxd7+ Kxd7 23. Rf3 (23. c4 $16 dxc4 24. d5) 23... Ne6 24. Rh3 Rh8 25. Be3 Rag8 26. Rg1 (26. c4 {looks sharper.} c6 27. cxd5 cxd5 28. Bh6 Rg4 29. c3) 26... Rxg1+ 27. Kxg1 $14 {[%mdl 4096] Endgame KRB-KRN} h5 28. Kf2 c5 29. Ke2 a5 30. Rg3 Kc6 31. dxc5 bxc5 32. Kd3 h4 33. Rg4 h3 34. c4 Rb8 35. Bd2 Rb1 36. Rh4 dxc4+ (36... Rd1 $14) 37. Kxc4 $16 Ra1 38. Kd3 (38. Kc3 $16) 38... Ra3+ $11 39. c3 Kd5 40. Rxh3 c4+ 41. Ke3 Rxa4 42. Rh7 Kxe5 43. Rxf7 Ra1 44. h4 a4 45. h5 a3 46. Ra7 Kxf6 47. h6 Rh1 48. Rxa3 (48. Ke4 $14) 48... Rxh6 {The position is equal.} 49. Ke4 Rh5 50. Be3 Re5+ 51. Kf3 Rf5+ 52. Ke2 Ke5 53. Ra5+ Ke4 54. Ra4 Kd5 55. Ra5+ Ke4 56. Ra4 Kd5 {Accuracy: White = 60%, Black = 54%.} 1/2-1/2

[Event "11th LCC GCT Finals 2019"]
[Site "London"]
[Date "2019.12.08"]
[Round "2.9"]
[White "Carlsen, Magnus"]
[Black "Aronian, Levon"]
[Result "0-1"]
[WhiteElo "2870"]
[BlackElo "2772"]
[Annotator "TA"]
[PlyCount "56"]
[EventDate "2019.12.02"]
[EventType "k.o."]
[EventCountry "ENG"]
[SourceTitle "playchess.com"]
[Source "ChessBase"]
[SourceQuality "1"]

{[%evp 9,128,-15,-6,-15,-18,-16,-25,-24,-5,-25,-23,-31,-30,-30,-30,-23,0,0,12,-23,-28,-54,0,0,0,0,0,0,0,-84,-25,-26,-38,-43,-39,-40,-43,-54,-8,-49,-39,-72,-70,-71,-61,-51,-54,-73,-24,-24,-18,-26,-21,-22,-12,-18,-18,-18,-18,-24,0,-18,0,0,0,0,7,6,18,0,0,0,0,0,8,-12,-12,-13,-20,-73,-83,-83,-33,-33,-37,-26,-26,-29,-34,-33,-33,-33,-8,-8,-8,-8,-8,-139,-135,-123,-135,-126,-72,-80,-22,-442,-442,-437,-223,-524,-233,-1080,-1075,-1111,-977,-2021,-1678,-9222,-12522,-5937,-5427]} 1. e4 e5 2. Nf3 Nc6 3. g3 d5 $146 (3... Nf6 4. d3 Bc5 5. Bg2 d6 6. c3 a6 7. O-O h6 8. a4 a5 9. Na3 O-O 10. Nc2 Ba7 11. h3 Be6 12. Be3 Bxe3 13. Nxe3 Qd7 {½-½ (83) Zvjaginsev,V (2644)-Kovalev,V (2661) Qingdao 2019}) 4. exd5 Qxd5 5. Nc3 Qd6 6. Bg2 {C44: Ponziani Opening and Scotch Gambit} Bg4 7. h3 Bh5 8. g4 {Black has an edge.} Bg6 9. Nh4 O-O-O 10. d3 Nd4 11. Nxg6 hxg6 12. Ne4 Qd7 13. c3 Ne6 14. Qb3 Qxd3 {aiming for ...Nf6.} 15. Be3 Qa6 ({Black should try} 15... c6 $15) 16. Bf1 $11 Qc6 17. Bg2 $1 {And now Nd6+! would win.} Qa6 $1 $40 {[%mdl 128] White needs to defend precisely.} 18. Bf1 Qc6 19. Qc4 {[#]} (19. Bg2 $1 $11 Qa6) 19... Nf6 (19... Bc5 $1 $17 {[%mdl 512] Threatens to win with ...b5!} 20. Rh2 (20. Bxc5 Nxc5) 20... Bxe3 21. Qxc6 bxc6 22. fxe3 Ne7) 20. Qxc6 bxc6 21. Ba6+ Kb8 22. Ng5 Nxg5 23. Bxg5 Bc5 24. Ke2 (24. Bxf6 $5 gxf6 25. h4 $11) 24... Rd6 25. f3 Nd5 26. Rad1 f6 27. Bc1 g5 28. Rd3 Re6 {Played: Nd5-f4} 0-1

[Event "11th LCC GCT Finals 2019"]
[Site "London"]
[Date "2019.12.08"]
[Round "2.9"]
[White "Vachier-Lagrave, Maxime"]
[Black "Ding, Liren"]
[Result "1-0"]
[WhiteElo "2777"]
[BlackElo "2801"]
[Annotator "TA"]
[PlyCount "105"]
[EventDate "2019.12.02"]
[EventType "k.o."]
[EventCountry "ENG"]
[SourceTitle "playchess.com"]
[Source "ChessBase"]
[SourceQuality "1"]

{[%evp 12,105,-6,-3,2,-6,65,65,65,65,63,55,52,57,75,79,83,78,77,34,43,14,19,23,20,12,19,8,11,16,10,8,11,10,26,12,24,20,25,15,17,12,17,0,17,15,16,16,17,15,26,19,32,32,57,50,110,33,29,10,35,8,28,29,81,79,353,281,302,274,228,190,29971,29971,29972,29973,29973,29975,29975,29976,29976,29977,29978,29979,29978,29979,29979,29980,29980,29981,29981,29982,29982,29983,29986,29987]} 1. e4 e5 2. Nf3 Nc6 3. Bb5 a6 4. Ba4 Nf6 5. O-O Be7 6. d4 exd4 7. e5 Nd5 {C84: Closed Ruy Lopez: Unusual White 6th moves} (7... Ne4 8. Nxd4 Nc5 9. Nf5 g6 10. Bxc6 dxc6 11. Nxe7 Qxe7 12. Bh6 Rg8 13. Nc3 g5 14. f4 gxf4 15. Bxf4 Bd7 16. Qf3 O-O-O 17. Qf2 {½-½ (40) Zelcic,R (2508)-Amin,B (2709) Zagreb 2018}) 8. Nxd4 Nxd4 (8... Nb6 $11 9. Nxc6 dxc6 10. Qxd8+ Bxd8) 9. Qxd4 $14 Nb6 {White is slightly better.} 10. Bb3 {Strongly threatening Qg4.} O-O 11. Bf4 d5 {Hoping for ...c5.} 12. exd6 $1 Bxd6 13. Bxd6 Qxd6 14. Qxd6 cxd6 15. Re1 $146 ({Predecessor:} 15. Nc3) 15... d5 16. Nd2 a5 {aiming for ...a4.} 17. a3 Bd7 18. Nf3 Rfe8 19. Nd4 Kf8 20. f3 Rxe1+ 21. Rxe1 Re8 22. Rd1 Ke7 23. Kf2 Kd6 24. h4 Kc5 25. Ba2 Nc4 26. Nb3+ Kc6 27. Nd4+ Kc5 28. Bxc4 dxc4 $11 {[%mdl 4096] Endgame KRB-KRN} 29. c3 b5 30. b4+ Kb6 31. Ne2 Bc6 32. h5 axb4 33. axb4 Ra8 {[#]} ({Black should play} 33... Kc7 $14) 34. Rd2 (34. h6 $1 $16 {[%mdl 512]}) 34... Kc7 $14 35. Ke3 Ra1 36. Kf4 h6 37. Nd4 Rc1 (37... Bd7 $11 {keeps the balance.}) 38. Rc2 $1 $16 {[%cal Rc2c1]} Rxc2 $4 {[%mdl 8192]} (38... Rh1 $16) 39. Nxc2 {KB-KN} Kd6 40. Nd4 Bd7 41. Nf5+ Bxf5 $2 (41... Ke6 $18 42. g3 g5+ 43. hxg6 fxg6 44. Nxh6 Bc6) 42. Kxf5 $18 {KP-KP. White mates.} Kd5 43. g4 Kd6 {[#]} 44. f4 $1 Ke7 45. Ke5 g6 {[#]} 46. f5 $1 gxh5 47. gxh5 Kd7 48. Kf6 Ke8 49. Kg7 Ke7 50. Kxh6 Kf6 51. Kh7 Kxf5 52. Kg7 Kg5 53. h6 {Accuracy: White = 62%, Black = 37%.} 1-0